LEADER 00987nam0-2200337---450- 001 990008799890403321 005 20090205121346.0 010 $a88-7078-482-7 035 $a000879989 035 $aFED01000879989 035 $a(Aleph)000879989FED01 035 $a000879989 100 $a20090205d1997----km-y0itay50------ba 101 1 $aita 102 $aIT 105 $aa-------001yy 200 1 $aIntimità e collusione$eteoria e tecnica della psicoterapia psicoanalitica di coppia$fDiana Norsa, Giulio Cesare Zavattini 210 $aMilano$cR. Cortina$d1997 215 $a281 p.$cill.$d23 cm 225 1 $aPsicoanalisi e ricerca 610 0 $aFamiglia - Psicoterapia 676 $a616.89156$v19 700 1$aNorsa,$bDiana$0504598 701 1$aZavattini,$bGiulio Cesare$0161070 801 0$aIT$bUNINA$gRICA$2UNIMARC 901 $aBK 912 $a990008799890403321 952 $aM 1/3$fDMNUP 959 $aDMNUP 996 $aIntimità e collusione$9808789 997 $aUNINA LEADER 01623oam 2200457zu 450 001 996218635103316 005 20210807003600.0 035 $a(CKB)111026746732944 035 $a(SSID)ssj0000445313 035 $a(PQKBManifestationID)12129116 035 $a(PQKBTitleCode)TC0000445313 035 $a(PQKBWorkID)10485019 035 $a(PQKB)10315859 035 $a(EXLCZ)99111026746732944 100 $a20160829d1990 uy 101 0 $aeng 181 $ctxt 182 $cc 183 $acr 200 10$aProceedings of the 1990 Symposium on Applied Computing : April 5-6, 1990, University of Arkansas Conference Center, Fayetteville, Arkansas 210 31$a[Place of publication not identified]$cIEEE Computer Society Press$d1990 300 $aBibliographic Level Mode of Issuance: Monograph 311 $a0-8186-2031-5 606 $aApplication software$xCongresses 606 $aElectronic data processing$xCongresses 606 $aEngineering & Applied Sciences$2HILCC 606 $aComputer Science$2HILCC 615 0$aApplication software$xCongresses 615 0$aElectronic data processing$xCongresses 615 7$aEngineering & Applied Sciences 615 7$aComputer Science 676 $a004 702 $aTalburt$b John 702 $aBerghel$b Hal 702 $aRoach$b David 712 12$aSymposium on Applied Computing 801 0$bPQKB 906 $aBOOK 912 $a996218635103316 996 $aProceedings of the 1990 Symposium on Applied Computing : April 5-6, 1990, University of Arkansas Conference Center, Fayetteville, Arkansas$92506885 997 $aUNISA